[Event "10th Zudov Mem 2014"]
[Site "Nizhny Tagil RUS"]
[Date "2014.09.17"]
[Round "7.12"]
[White "Tsvetkov, Pavel"]
[Black "Novoselov, Roman"]
[Result "1-0"]
[WhiteElo "2181"]
[BlackElo "2225"]
[WhiteFideId "4132661"]
[BlackFideId "4135067"]
[EventDate "2014.09.11"]

1. e4 d5 2. exd5 Qxd5 3. Nc3 Qd6 4. d4 Nf6 5. Nf3 c6 6. Ne5 Nbd7 7. Nc4 Qc7 8.
Qf3 Nb6 9. Bf4 Qd8 10. Be5 Nbd5 11. Bd3 Be6 12. Ne3 Nb4 13. Be2 Nfd5 14. O-O f6
15. Bg3 Bf7 16. a3 Nxe3 17. fxe3 Nd5 18. Ne4 e6 19. c4 Nb6 20. c5 Nc8 21. Be5
Be7 22. Qg3 Bg6 23. Bh5 fxe5 24. Bxg6+ hxg6 25. dxe5 Qa5 26. Rad1 1-0

[Event "10th Zudov Mem 2014"]
[Site "Nizhny Tagil RUS"]
[Date "2014.09.17"]
[Round "7.13"]
[White "Mukhina, Jana"]
[Black "Kanter, Eduard"]
[Result "1/2-1/2"]
[BlackTitle "IM"]
[WhiteElo "1972"]
[BlackElo "2401"]
[WhiteFideId "34115428"]
[BlackFideId "4103963"]
[EventDate "2014.09.11"]

1. e4 c5 2. Nf3 d6 3. d4 cxd4 4. Nxd4 Nf6 5. Nc3 g6 6. Be3 Bg7 7. f3 O-O 8. Qd2
Nc6 9. g4 Be6 10. Nxe6 fxe6 11. O-O-O Ne5 12. Be2 Qc8 13. h4 Nfd7 14. h5 Nc4 15.
Bxc4 Qxc4 16. hxg6 hxg6 17. f4 Bxc3 18. bxc3 Qxa2 19. Qh2 Kf7 20. Qh7+ Ke8 21.
e5 Rc8 22. Rd3 Qa3+ 23. Kd2 Rc6 24. Qxg6+ Kd8 25. Qxe6 Nc5 26. Bxc5 Qxc5 27. Rf1
Rh8 28. Ke2 Rh2+ 29. Kf3 Rxc2 30. exd6 Rxd6 31. Rxd6+ Qxd6 32. Qxd6+ exd6 33.
Ke4 a5 34. Rb1 Kc7 35. g5 a4 36. g6 a3 37. f5 a2 38. Rg1 Rg2 39. Ra1 Kd7 40. Kf3
Rg5 41. Rxa2 Rxf5+ 42. Kg4 Rf1 43. Rb2 Ke7 44. Rxb7+ Kf8 45. Kg5 Rf3 46. c4 Rd3
47. Rc7 Rd4 48. Rf7+ Kg8 49. Rf4 Rd1 50. Kf6 Rd2 51. Ke6 Kg7 52. Rg4 Rd1 53. Rg5
Rd4 54. Rd5 Rxc4 1/2-1/2

[Event "10th Zudov Mem 2014"]
[Site "Nizhny Tagil RUS"]
[Date "2014.09.17"]
[Round "7.14"]
[White "Guterman, Ilja"]
[Black "Trefilov, Alexey"]
[Result "0-1"]
[BlackTitle "FM"]
[WhiteElo "1883"]
[BlackElo "2220"]
[WhiteFideId "24121959"]
[BlackFideId "4171721"]
[EventDate "2014.09.11"]

1. d4 Nf6 2. c4 e5 3. dxe5 Ng4 4. Nf3 Bc5 5. e3 Nc6 6. a3 a5 7. Qd5 Qe7 8. Nc3
Ngxe5 9. Nxe5 Nxe5 10. Be2 O-O 11. O-O d6 12. b3 c6 13. Qd1 Qh4 14. Na4 Ba7 15.
Bb2 Rd8 16. g3 Qe7 17. Qd2 Bh3 18. Rfd1 f6 19. Bd4 Nf7 20. Bxa7 Rxa7 21. Qd4
Raa8 22. Qh4 Ng5 23. Rd3 Bf5 24. Rd2 Re8 25. Qd4 Rad8 26. h4 Ne4 27. Rdd1 Kh8
28. Qb2 Nxf2 29. Qd2 Nxd1 30. Rxd1 Qxe3+ 31. Qxe3 Rxe3 32. Kf2 Rxb3 33. c5 d5
34. Ra1 Re8 35. Ra2 d4 36. Nb2 Bb1 0-1

[Event "10th Zudov Mem 2014"]
[Site "Nizhny Tagil RUS"]
[Date "2014.09.17"]
[Round "7.15"]
[White "Ginosyan, Razmik"]
[Black "Povodyr, Alexander"]
[Result "1-0"]
[WhiteElo "2048"]
[BlackElo "1811"]
[WhiteFideId "24190144"]
[BlackFideId "4195361"]
[EventDate "2014.09.11"]

1. e4 e6 2. Nf3 d5 3. Nc3 d4 4. Ne2 d3 5. cxd3 Qxd3 6. Nc3 Qd8 7. d4 Nf6 8. Bd3
Nc6 9. O-O Be7 10. Bf4 Bd7 11. Qe2 Nh5 12. Bd2 O-O 13. e5 g6 14. Bh6 Ng7 15. Ne4
Be8 16. Rfd1 Nb4 17. Nf6+ Kh8 18. Be4 c6 19. Qd2 Nd5 20. Ng4 Rg8 21. Bg5 Bxg5
22. Nxg5 Nh5 23. Nxh7 g5 24. h4 f5 25. exf6 Ndxf6 26. Ngxf6 Nxf6 27. Nxg5 Rxg5
28. Qxg5 Nxe4 29. Qh6+ Kg8 30. Qxe6+ Bf7 31. Qxe4 1-0

[Event "10th Zudov Mem 2014"]
[Site "Nizhny Tagil RUS"]
[Date "2014.09.17"]
[Round "7.16"]
[White "Matskevich, Ivan"]
[Black "Radzhabov, Rodion"]
[Result "0-1"]
[WhiteElo "1949"]
[BlackElo "1994"]
[WhiteFideId "34191930"]
[BlackFideId "884715"]
[EventDate "2014.09.11"]

1. e4 c5 2. a3 Nc6 3. b4 cxb4 4. axb4 Nxb4 5. c3 Nc6 6. d4 d5 7. exd5 Qxd5 8.
Na3 a6 9. Nc4 e6 10. Nf3 Qd8 11. Nfe5 Nxe5 12. Nxe5 Nf6 13. Bg5 Be7 14. Bb5+ Nd7
15. Qf3 O-O 16. Bxe7 Nxe5 17. dxe5 Qxe7 18. Bd3 Qc5 19. Qe4 Qxc3+ 20. Ke2 Qb2+
21. Bc2 f5 22. exf6 g6 23. f7+ Rxf7 24. Rhf1 Bd7 25. Rab1 Bb5+ 26. Ke3 Qc3+ 27.
Bd3 Qc5+ 28. Qd4 Qxd4+ 29. Kxd4 Rd8+ 0-1

[Event "10th Zudov Mem 2014"]
[Site "Nizhny Tagil RUS"]
[Date "2014.09.17"]
[Round "7.17"]
[White "Komarov, Alexander"]
[Black "Makhnev, Petr"]
[Result "0-1"]
[WhiteElo "2106"]
[BlackElo "1519"]
[WhiteFideId "4178360"]
[BlackFideId "24193470"]
[EventDate "2014.09.11"]

1. d4 Nf6 2. Nf3 e6 3. Bf4 b6 4. e3 Bb7 5. h3 Be7 6. Be2 O-O 7. O-O d6 8. Nbd2
Nbd7 9. Nc4 Nd5 10. Bg3 N7f6 11. Ncd2 c5 12. c3 Nc7 13. a4 a6 14. Qb3 Rb8 15.
Rfd1 Bd5 16. Qc2 b5 17. axb5 axb5 18. dxc5 dxc5 19. c4 bxc4 20. Bxc4 Rb4 21. Ne5
Qc8 22. Bxd5 Ncxd5 23. Ndc4 Qb7 24. Rd2 Rc8 25. Rad1 g5 26. f3 Ra8 27. Nd3 Rxc4
28. Qxc4 Nxe3 29. Qc1 Nxd1 30. Rxd1 h6 31. Ne5 Nd5 32. Ng4 f5 33. Ne5 Ra2 34.
Nc4 Bf6 35. Re1 Bd4+ 36. Bf2 Bxf2+ 37. Kxf2 Nf4 38. Qb1 Qb3 0-1

[Event "10th Zudov Mem 2014"]
[Site "Nizhny Tagil RUS"]
[Date "2014.09.17"]
[Round "7.18"]
[White "Drygalov, Andrey"]
[Black "Kolyadin, Alexander"]
[Result "1-0"]
[WhiteElo "2147"]
[BlackElo "1706"]
[WhiteFideId "24171735"]
[BlackFideId "24145327"]
[EventDate "2014.09.11"]

1. d4 e6 2. c4 Nf6 3. Nf3 c6 4. e3 d5 5. Nc3 Bb4 6. Bd3 O-O 7. O-O Bxc3 8. bxc3
Qa5 9. Qc2 Nbd7 10. a4 dxc4 11. Bxc4 b5 12. Bd3 Nb6 13. Ba3 Re8 14. axb5 Nbd5
15. c4 cxb5 16. cxd5 b4 17. Bb2 Qxd5 18. e4 Qh5 19. Qc5 a5 20. Rfc1 Bb7 21. Qxh5
Nxh5 22. Bb5 Reb8 23. Ne5 Bxe4 24. Bc6 Bxc6 25. Nxc6 Rb5 26. Rc5 Rxc5 27. dxc5
Nf4 28. Rxa5 Re8 29. Nxb4 1-0

[Event "10th Zudov Mem 2014"]
[Site "Nizhny Tagil RUS"]
[Date "2014.09.17"]
[Round "7.19"]
[White "Scherbakov, Mikhail"]
[Black "Romanov, Sergej"]
[Result "0-1"]
[WhiteElo "1988"]
[BlackElo "2125"]
[WhiteFideId "34130184"]
[BlackFideId "34196940"]
[EventDate "2014.09.11"]

1. e4 c5 2. Nf3 d6 3. d4 cxd4 4. Nxd4 Nf6 5. Nc3 a6 6. Qf3 e6 7. g4 Be7 8. h4
Nc6 9. Nxc6 bxc6 10. Be3 O-O 11. O-O-O Nd7 12. Qg2 Rb8 13. Bc4 d5 14. Bb3 Qa5
15. f4 Nc5 16. Kb1 Qc7 17. g5 a5 18. f5 Nxb3 19. axb3 exf5 20. exd5 c5 21. Qd2
Bd6 22. Rhf1 Rb4 23. Ne2 Bd7 24. Bf4 a4 25. Bxd6 Qxd6 26. Rf4 axb3 27. Rxb4
bxc2+ 28. Qxc2 cxb4 29. Rd4 Rb8 30. b3 f4 31. Nxf4 g6 32. Qc4 Bf5+ 33. Kb2 Qe5
34. d6 Qa5 35. Nd3 Qa3+ 36. Kc2 Qa2+ 37. Kd1 Be6 38. d7 Bxc4 39. d8=Q+ Rxd8 40.
Rxd8+ Kg7 0-1

[Event "10th Zudov Mem 2014"]
[Site "Nizhny Tagil RUS"]
[Date "2014.09.18"]
[Round "8.1"]
[White "Andriasian, Zaven"]
[Black "Demchenko, Anton"]
[Result "1/2-1/2"]
[WhiteTitle "GM"]
[BlackTitle "GM"]
[WhiteElo "2622"]
[BlackElo "2588"]
[WhiteFideId "13302000"]
[BlackFideId "4160258"]
[EventDate "2014.09.11"]

1. e4 e5 2. Nf3 Nc6 3. Bc4 Nf6 4. d3 Bc5 5. c3 O-O 6. O-O d5 7. exd5 Nxd5 8.
Nbd2 Nb6 9. Bb5 Bd6 10. Ne4 Bg4 11. h3 Bh5 12. Ng3 Bg6 13. Re1 Re8 14. Bg5 Qd7
15. Nh4 a6 16. Bxc6 Qxc6 17. Nxg6 hxg6 18. h4 Re6 19. h5 gxh5 20. Qxh5 g6 21.
Qh4 f5 22. Bf6 Kf7 23. Bh8 Kg8 24. Bf6 Kf7 25. Bh8 Kg8 26. Bf6 1/2-1/2

[Event "10th Zudov Mem 2014"]
[Site "Nizhny Tagil RUS"]
[Date "2014.09.18"]
[Round "8.2"]
[White "Savchenko, Boris"]
[Black "Harutjunyan, Gevorg"]
[Result "1-0"]
[WhiteTitle "GM"]
[BlackTitle "GM"]
[WhiteElo "2608"]
[BlackElo "2444"]
[WhiteFideId "4147332"]
[BlackFideId "13300873"]
[EventDate "2014.09.11"]

1. d4 Nf6 2. c4 g6 3. Nc3 Bg7 4. e4 d6 5. Nf3 O-O 6. Be2 Na6 7. O-O e5 8. Be3 c6
9. h3 exd4 10. Bxd4 Re8 11. Bd3 Nc5 12. Re1 Nh5 13. Bf1 Bh6 14. b4 Ne6 15. Be3
Bg7 16. Rc1 a5 17. b5 Nf6 18. Na4 Nxe4 19. Bb6 Nc7 20. Qc2 f5 21. Nd2 Bd7 22.
Nxe4 fxe4 23. Rcd1 Be5 24. Qd2 Bf5 25. g4 Bxg4 26. hxg4 Qh4 27. Bg2 Ne6 28. Rxe4
Ng5 29. Re3 Qxg4 30. Qe2 Qf4 31. bxc6 bxc6 32. Bd4 Nh3+ 33. Kf1 Bxd4 34. Rxd4
Rxe3 35. Qxe3 Qxe3 36. fxe3 Rf8+ 37. Ke1 Nf2 38. Rxd6 Ng4 39. Bxc6 Nxe3 40. c5
g5 41. Nb6 g4 42. Ke2 Nf5 43. Rd3 h5 44. Bd5+ Kg7 45. c6 Re8+ 46. Kf1 Re7 47.
Be4 Rf7 48. Bxf5 Rxf5+ 49. Kg1 1-0

[Event "10th Zudov Mem 2014"]
[Site "Nizhny Tagil RUS"]
[Date "2014.09.18"]
[Round "8.3"]
[White "Goganov, Aleksey"]
[Black "Shomoev, Anton"]
[Result "1/2-1/2"]
[WhiteTitle "GM"]
[BlackTitle "GM"]
[WhiteElo "2608"]
[BlackElo "2568"]
[WhiteFideId "24109959"]
[BlackFideId "4135148"]
[EventDate "2014.09.11"]

1. d4 g6 2. c4 Bg7 3. Nc3 c5 4. d5 d6 5. e4 e6 6. Bd3 Ne7 7. Nf3 O-O 8. O-O h6
9. Nd2 g5 10. f4 gxf4 11. Rxf4 Nd7 12. Rf1 Ne5 13. Nf3 Nxd3 14. Qxd3 f5 15. exf5
exd5 16. g4 d4 17. Ne2 Nxf5 18. gxf5 Bxf5 19. Qb3 Be4 20. Ng3 Bc6 21. Bd2 Qf6
22. Qd3 Bxf3 23. Rf2 d5 24. cxd5 c4 25. Qxc4 Qe5 26. Re1 Qxd5 27. Qxd5+ Bxd5 28.
Nf5 Kh7 29. Re7 Rf7 30. Rxf7 Bxf7 31. Nxg7 Kxg7 32. Rf4 Rd8 33. Rxd4 Rxd4 34.
Bc3 Bxa2 35. Bxd4+ Kg6 36. Bxa7 Bd5 37. Bd4 Bc6 38. Bc3 Bd5 39. Bd4 Be4 40. Bc3
Bd3 41. Bd4 1/2-1/2

[Event "10th Zudov Mem 2014"]
[Site "Nizhny Tagil RUS"]
[Date "2014.09.18"]
[Round "8.4"]
[White "Maletin, Pavel"]
[Black "Bocharov, Dmitry"]
[Result "1/2-1/2"]
[WhiteTitle "GM"]
[BlackTitle "GM"]
[WhiteElo "2570"]
[BlackElo "2575"]
[WhiteFideId "4146786"]
[BlackFideId "4138716"]
[EventDate "2014.09.11"]

1. d4 Nf6 2. c4 e6 3. Nc3 Bb4 4. Qc2 O-O 5. e4 d5 6. e5 Ne4 7. Bd3 c5 8. Ne2
cxd4 9. Nxd4 Nd7 10. Bf4 Qh4 11. g3 Qh3 12. O-O-O Nxc3 13. bxc3 Ba3+ 14. Kb1 Nb6
15. Bf1 Qh5 16. Be2 Qh3 17. Bf1 Qh5 18. Be2 Qh3 19. Bf1 1/2-1/2

[Event "10th Zudov Mem 2014"]
[Site "Nizhny Tagil RUS"]
[Date "2014.09.18"]
[Round "8.5"]
[White "Kryakvin, Dmitry"]
[Black "Tsvetkov, Pavel"]
[Result "1-0"]
[WhiteTitle "GM"]
[WhiteElo "2562"]
[BlackElo "2181"]
[WhiteFideId "4153278"]
[BlackFideId "4132661"]
[EventDate "2014.09.11"]

1. Nf3 Nf6 2. c4 g6 3. Nc3 d5 4. cxd5 Nxd5 5. Qc2 Bg7 6. e4 Nxc3 7. dxc3 Bg4 8.
Be2 Nd7 9. O-O c6 10. Bf4 Bxf3 11. Bxf3 Be5 12. Be3 Qc7 13. g3 h5 14. Bg2 h4 15.
f4 Bd6 16. Qf2 hxg3 17. hxg3 Qa5 18. b4 Qh5 19. Bf3 Qh3 20. Qg2 Bc7 21. Qxh3
Rxh3 22. Kg2 Rh8 23. c4 e5 24. Rh1 Ke7 25. Bg4 Rxh1 26. Rxh1 a5 27. b5 Bb6 28.
Rd1 Bxe3 29. Rxd7+ Kf6 30. Kf3 Bd4 31. Rxb7 cxb5 32. Rxb5 Ra6 33. Bd7 Rd6 34.
Rb7 Ke7 35. Bc6+ Kd8 36. Bd5 Rd7 37. Rxd7+ Kxd7 38. Bxf7 g5 39. fxg5 Ke7 40. Bd5 1-0

[Event "10th Zudov Mem 2014"]
[Site "Nizhny Tagil RUS"]
[Date "2014.09.18"]
[Round "8.6"]
[White "Dilmukhametov, Artur"]
[Black "Yudin, Sergei"]
[Result "1/2-1/2"]
[BlackTitle "GM"]
[WhiteElo "2157"]
[BlackElo "2545"]
[WhiteFideId "24179922"]
[BlackFideId "4159659"]
[EventDate "2014.09.11"]

1. e4 g6 2. d4 Bg7 3. Nc3 c6 4. Bc4 b5 5. Bb3 a5 6. a4 b4 7. Nce2 d5 8. exd5
cxd5 9. Nf3 Nc6 10. h3 Ba6 11. O-O e6 12. Re1 Nge7 13. c3 O-O 14. Nf4 Rb8 15.
Rb1 Bc4 16. Bc2 Nc8 17. b3 Ba6 18. Bd3 Bxd3 19. Qxd3 bxc3 20. Qxc3 Qb6 21. Ne5
Nxe5 22. dxe5 Nd6 23. Be3 Ne4 24. Qb2 Qa6 25. Bd4 Rfc8 26. Rec1 Bf8 27. Rxc8
Qxc8 28. Nd3 Bh6 29. Rd1 Qd8 30. Nc5 Qh4 31. Nxe4 Qxe4 32. Bc3 Rc8 33. Bxa5 Rc2
34. Qd4 Qf5 35. Bb6 Re2 36. Qc3 Bf4 37. Qc8+ Kg7 38. g4 Qe4 39. Bc5 Re1+ 40.
Rxe1 Qxe1+ 41. Kg2 Qe4+ 42. Kg1 Qe1+ 43. Kg2 1/2-1/2

[Event "10th Zudov Mem 2014"]
[Site "Nizhny Tagil RUS"]
[Date "2014.09.18"]
[Round "8.7"]
[White "Trefilov, Alexey"]
[Black "Solovjev, Nikolay2"]
[Result "1-0"]
[WhiteTitle "FM"]
[BlackTitle "FM"]
[WhiteElo "2220"]
[BlackElo "2311"]
[WhiteFideId "4171721"]
[BlackFideId "24112127"]
[EventDate "2014.09.11"]

1. e4 c5 2. c3 d5 3. exd5 Qxd5 4. d4 Nc6 5. Nf3 Bg4 6. Be2 e6 7. h3 Bh5 8. c4
Qd8 9. d5 exd5 10. g4 Bg6 11. cxd5 Nb8 12. Bb5+ Nd7 13. Qe2+ Qe7 14. Ne5 Nf6 15.
Bg5 O-O-O 16. Bxd7+ Rxd7 17. Nxd7 Qxd7 18. Nc3 Bd6 19. O-O-O h5 20. f3 a6 21.
Qd2 Qc7 22. Rde1 Bg3 23. Rd1 Rd8 24. f4 b5 25. d6 Qa5 26. Qe3 b4 27. Qxg3 bxc3
28. Qxc3 Qxc3+ 29. bxc3 Be4 30. Rhe1 Bf3 31. Rd3 hxg4 32. hxg4 Bxg4 33. Bxf6
gxf6 34. Re7 Be6 35. Kb2 Kb8 36. Ka3 Rh8 37. Rd2 c4 38. Kb4 Kc8 39. Ka5 Kd8 40.
Kxa6 Rh5 41. Rg2 Rh8 42. Kb6 Bd5 43. Rg3 f5 44. Kc5 Be6 45. a4 Kc8 46. a5 Rd8
47. a6 Kb8 48. Rg1 Rc8+ 49. Kb6 Bd5 50. a7+ Ka8 51. d7 1-0

[Event "10th Zudov Mem 2014"]
[Site "Nizhny Tagil RUS"]
[Date "2014.09.18"]
[Round "8.8"]
[White "Khegay, Dmitriy"]
[Black "Yuffa, Daniil"]
[Result "0-1"]
[WhiteTitle "FM"]
[BlackTitle "IM"]
[WhiteElo "2375"]
[BlackElo "2449"]
[WhiteFideId "24153729"]
[BlackFideId "24131423"]
[EventDate "2014.09.11"]

1. d4 Nf6 2. Nf3 g6 3. Nc3 Bg7 4. e4 d6 5. Be2 O-O 6. O-O c6 7. Re1 Nbd7 8. e5
Ne8 9. Bf4 dxe5 10. dxe5 Nc7 11. Bc4 Nc5 12. Qxd8 Rxd8 13. Bg5 Re8 14. Rad1 b5
15. Be2 N7e6 16. Bc1 a5 17. Bf1 h6 18. h3 Bb7 19. Ne2 Nc7 20. Ned4 Red8 21. c3
Nd5 22. c4 bxc4 23. Bxc4 e6 24. Bd2 Na4 25. Be2 c5 26. Nc2 Nb4 27. Nxb4 cxb4 28.
Bc1 Bd5 29. Bb5 Nb6 30. Be3 Nc4 31. Bxc4 Bxc4 32. Rxd8+ Rxd8 33. b3 Bd5 34. Bb6
Ra8 35. Nd4 g5 36. Bc7 a4 37. Bd6 Bf8 38. Bxf8 Kxf8 39. Nc2 Rb8 40. Re3 Ke7 41.
Rd3 Be4 42. Rd2 a3 43. f3 Bg6 44. Ne3 Rb5 45. Nc4 Bb1 46. Kf2 Rc5 47. Kg3 Rxc4
48. bxc4 b3 49. axb3 a2 50. Rxa2 Bxa2 51. Kg4 Bxb3 52. c5 Bc4 53. g3 Bd5 54. Kh5
Bxf3+ 55. Kxh6 f6 56. exf6+ Kxf6 57. g4 e5 58. h4 gxh4 59. g5+ Ke7 0-1

[Event "10th Zudov Mem 2014"]
[Site "Nizhny Tagil RUS"]
[Date "2014.09.18"]
[Round "8.9"]
[White "Ovetchkin, Roman"]
[Black "Vokarev, Sergey"]
[Result "1/2-1/2"]
[WhiteTitle "GM"]
[BlackTitle "GM"]
[WhiteElo "2524"]
[BlackElo "2437"]
[WhiteFideId "4119991"]
[BlackFideId "4119711"]
[EventDate "2014.09.11"]

1. e4 c5 2. Nf3 Nc6 3. Bb5 g6 4. Bxc6 bxc6 5. O-O Bg7 6. Re1 Nh6 7. c3 O-O 8. d4
cxd4 9. cxd4 d5 10. e5 f6 11. h3 fxe5 12. Bxh6 Bxh6 13. Nxe5 Qb6 14. b3 Rf4 15.
Nf3 Bg7 16. Rxe7 Bf5 17. Nbd2 Rf8 18. Qe1 Bxd4 19. g3 Rxf3 20. Nxf3 Bc5 21. Rc1
Bxe7 22. Qxe7 Bxh3 23. Rc3 Bg4 24. Kg2 a5 25. Qe5 Rxf3 26. Rxf3 Bxf3+ 27. Kxf3
Qb7 28. Qe8+ Kg7 29. Qe5+ Kg8 30. Qe8+ Kg7 31. Qe5+ Kg8 32. Qe8+ Kg7 33. Qe5+ 1/2-1/2

[Event "10th Zudov Mem 2014"]
[Site "Nizhny Tagil RUS"]
[Date "2014.09.18"]
[Round "8.10"]
[White "Radzhabov, Rodion"]
[Black "Matsenko, Sergei"]
[Result "0-1"]
[BlackTitle "IM"]
[WhiteElo "1994"]
[BlackElo "2485"]
[WhiteFideId "884715"]
[BlackFideId "4170083"]
[EventDate "2014.09.11"]

1. e4 c6 2. d4 d5 3. e5 c5 4. c3 Nc6 5. Nf3 cxd4 6. cxd4 Bg4 7. Be2 e6 8. Nbd2
Qb6 9. O-O Nge7 10. b3 Ng6 11. Bb2 Nf4 12. a3 Be7 13. Re1 O-O 14. Bf1 f6 15. h3
Bh5 16. g3 fxe5 17. gxf4 Rxf4 18. Be2 e4 19. Nh2 Bxe2 20. Qxe2 Raf8 21. f3 Bh4
22. Red1 Bf6 23. Kh1 Bxd4 24. Bxd4 Nxd4 25. Qf2 exf3 26. Rg1 e5 27. Rg5 Qf6 28.
Rag1 Ne6 29. Rh5 e4 30. Rxd5 Qh6 31. Re5 Qxh3 32. Nxe4 Qh6 33. Rd1 Rh4 34. Ng3
Rh3 35. Nf5 Qf6 36. Rde1 Nf4 37. Ne7+ Kh8 38. Nd5 Nd3 39. Qd2 Qg6 40. Rg5 Nxe1
41. Rxg6 f2 0-1

[Event "10th Zudov Mem 2014"]
[Site "Nizhny Tagil RUS"]
[Date "2014.09.18"]
[Round "8.11"]
[White "Makhnev, Petr"]
[Black "Smirnov, Alexey"]
[Result "0-1"]
[WhiteElo "1519"]
[BlackElo "2466"]
[WhiteFideId "24193470"]
[BlackFideId "4168437"]
[EventDate "2014.09.11"]

1. d4 Nf6 2. Nf3 e6 3. g3 d5 4. Bg2 Be7 5. O-O O-O 6. c4 dxc4 7. Ne5 Nc6 8. Nxc6
bxc6 9. Bxc6 Rb8 10. Nc3 Nd5 11. f4 Rb6 12. Ba4 Bb7 13. Bc2 c5 14. Na4 cxd4 15.
Qxd4 Rb4 16. Rd1 c3 17. Qd3 f5 18. bxc3 Rxa4 19. Bxa4 Qa5 20. Bb3 Nxc3 21. Qd7
Nxd1 22. Qxb7 Qc3 23. Qxe7 Qe1+ 24. Kg2 Qxe2+ 25. Kh3 Nf2+ 0-1

[Event "10th Zudov Mem 2014"]
[Site "Nizhny Tagil RUS"]
[Date "2014.09.18"]
[Round "8.12"]
[White "Drygalov, Sergey"]
[Black "Ginosyan, Razmik"]
[Result "1/2-1/2"]
[WhiteElo "2224"]
[BlackElo "2048"]
[WhiteFideId "24171743"]
[BlackFideId "24190144"]
[EventDate "2014.09.11"]

1. e4 c5 2. Nf3 d6 3. d4 cxd4 4. Nxd4 Nf6 5. Nc3 Nc6 6. Bg5 e6 7. Qd2 Be7 8.
O-O-O O-O 9. f3 Nxd4 10. Qxd4 a6 11. e5 dxe5 12. Qxe5 Nd7 13. Bxe7 Qxe7 14. Qd6
Qxd6 15. Rxd6 Nf6 16. g4 b5 17. g5 Nh5 18. Rb6 Nf4 19. Bd3 Nxd3+ 20. cxd3 Rd8
21. Kd2 Ra7 22. Ke3 Rad7 23. Rd1 Kf8 24. d4 Ke7 25. f4 h6 26. gxh6 gxh6 27. d5
exd5 28. Kd4 Rd6 29. Re1+ Be6 30. Rb7+ Kf6 31. Re5 Rg8 32. Nxd5+ Bxd5 33. Rxd5
Rxd5+ 34. Kxd5 Rg2 35. Rb6+ Kf5 36. Rxh6 Rxb2 37. Rxa6 Rxh2 38. Kc5 Kxf4 39.
Rf6+ Ke5 40. Rxf7 Rxa2 41. Kxb5 1/2-1/2

[Event "10th Zudov Mem 2014"]
[Site "Nizhny Tagil RUS"]
[Date "2014.09.18"]
[Round "8.13"]
[White "Kopjonkin, Kirill"]
[Black "Ivanov, Andrew"]
[Result "0-1"]
[BlackTitle "IM"]
[WhiteElo "2073"]
[BlackElo "2407"]
[WhiteFideId "24140090"]
[BlackFideId "4188080"]
[EventDate "2014.09.11"]

1. e4 e6 2. d4 c5 3. Nf3 cxd4 4. Nxd4 a6 5. Bd3 Qc7 6. O-O Nf6 7. Qe2 Bd6 8. f4
Bc5 9. c3 Nc6 10. Be3 Qb6 11. Nc2 Bxe3+ 12. Nxe3 Ng4 13. Rf3 O-O 14. Na3 d5 15.
Kh1 Nxe3 16. Rxe3 Bd7 17. Re1 Rac8 18. exd5 exd5 19. Qh5 f5 20. Nc4 Qc7 21. Ne5
Nxe5 22. Rxe5 Qd6 23. Bc2 Bc6 24. Bb3 Kh8 25. Rxf5 a5 26. Bd1 Rxf5 27. Qxf5 Rf8
28. Qe5 Qg6 29. Bh5 Qc2 30. Qe7 Qf5 31. Qe5 Qc2 32. Qe7 Rg8 33. Qe2 Qa4 34. Bf3
Rd8 35. Qe5 h6 36. f5 Qh4 37. Qg3 Qf6 0-1

[Event "10th Zudov Mem 2014"]
[Site "Nizhny Tagil RUS"]
[Date "2014.09.18"]
[Round "8.14"]
[White "Kanter, Eduard"]
[Black "Drygalov, Andrey"]
[Result "1-0"]
[WhiteTitle "IM"]
[WhiteElo "2401"]
[BlackElo "2147"]
[WhiteFideId "4103963"]
[BlackFideId "24171735"]
[EventDate "2014.09.11"]

1. d4 d5 2. c4 c6 3. Nf3 Nf6 4. Nc3 e6 5. g3 Nbd7 6. Bg2 dxc4 7. O-O b5 8. e4
Bb7 9. e5 Nd5 10. Ng5 h6 11. Nxe6 fxe6 12. Qh5+ Ke7 13. Ne4 Qe8 14. Bg5+ hxg5
15. Qxh8 Kd8 16. Nxg5 Qg6 17. f4 Bc8 18. Be4 Qe8 19. f5 exf5 20. Bxd5 cxd5 21.
Rxf5 Kc7 22. Raf1 Qg6 23. e6 Be7 24. exd7 Bxg5 25. Qe8 Qh6 26. Qe5+ 1-0

[Event "10th Zudov Mem 2014"]
[Site "Nizhny Tagil RUS"]
[Date "2014.09.18"]
[Round "8.15"]
[White "Romanov, Sergej"]
[Black "Lupynin, Viacheslav"]
[Result "1-0"]
[WhiteElo "2125"]
[BlackElo "2031"]
[WhiteFideId "34196940"]
[BlackFideId "24193461"]
[EventDate "2014.09.11"]

1. Nf3 c5 2. c4 Nc6 3. Nc3 e5 4. e3 Nf6 5. d4 cxd4 6. exd4 e4 7. Ng5 Bb4 8. d5
h6 9. dxc6 hxg5 10. cxb7 Bxb7 11. Bxg5 Qc7 12. Qb3 Qa5 13. Bxf6 gxf6 14. O-O-O
Bc6 15. Nd5 Bd6 16. Nxf6+ Ke7 17. Nd5+ Ke6 18. Be2 Be5 19. Qc2 Qxa2 20. f4 exf3
21. Bxf3 Bxd5 22. Bxd5+ Ke7 23. Rhe1 d6 24. Rxe5+ dxe5 25. Qf5 Qa1+ 26. Kc2 Qa4+
27. b3 Qa2+ 28. Kc3 Rac8 29. Qxe5+ 1-0

[Event "10th Zudov Mem 2014"]
[Site "Nizhny Tagil RUS"]
[Date "2014.09.18"]
[Round "8.16"]
[White "Povodyr, Alexander"]
[Black "Mukhina, Jana"]
[Result "1/2-1/2"]
[WhiteElo "1811"]
[BlackElo "1972"]
[WhiteFideId "4195361"]
[BlackFideId "34115428"]
[EventDate "2014.09.11"]

1. d4 Nf6 2. Nf3 e6 3. c4 b6 4. Nc3 Bb7 5. Qd3 Bb4 6. Bd2 O-O 7. a3 Bxc3 8. Bxc3
Ne4 9. e3 d6 10. Be2 Nd7 11. O-O Ndf6 12. Be1 Qe7 13. h3 c5 14. Rc1 Rfd8 15. Qb1
Ba6 16. b4 Rac8 17. Nd2 d5 18. Nxe4 Nxe4 19. f3 Nd6 20. b5 Bb7 21. dxc5 bxc5 22.
Bd3 h6 23. a4 dxc4 24. Bxc4 Nf5 25. e4 Nd4 26. Qb2 Qf6 27. Qf2 e5 28. Bc3 Rd7
29. Ba5 Qg5 30. Kh1 Rd6 31. Bd2 Qg6 32. Be3 Rcd8 33. Rfd1 Rf6 34. Bf1 Rc8 35.
Rc4 Bxe4 36. Bxd4 exd4 37. Rdxd4 Bf5 38. Rd5 Be6 39. Rcxc5 Re8 40. Re5 Rf4 41.
Qd2 Rxa4 42. Kh2 Qf6 43. Qe1 Qe7 44. Rc6 Qd8 45. Bc4 Bd7 46. Rcc5 Qb8 47. f4
Rxe5 48. fxe5 Qf8 49. Qf2 Be6 50. Bxe6 fxe6 51. Qc2 Qf4+ 52. g3 Qe4 53. Qxe4
Rxe4 54. Kg2 Rb4 55. Kf3 Kh7 56. h4 h5 57. Rc6 Kg6 58. Rxe6+ Kf5 59. Re7 Rb3+
60. Kg2 g6 61. Rg7 Rxb5 62. e6 Re5 63. Rxa7 Kxe6 64. Ra6+ Kf5 65. Kf3 1/2-1/2

[Event "10th Zudov Mem 2014"]
[Site "Nizhny Tagil RUS"]
[Date "2014.09.18"]
[Round "8.17"]
[White "Novoselov, Roman"]
[Black "Chapkovskiy, Jakov"]
[Result "1-0"]
[WhiteElo "2225"]
[BlackElo "1827"]
[WhiteFideId "4135067"]
[BlackFideId "24140066"]
[EventDate "2014.09.11"]

1. e4 d6 2. Nc3 e5 3. d3 Nc6 4. f4 g6 5. Nf3 Bg7 6. g3 f5 7. fxe5 Nxe5 8. Nxe5
Bxe5 9. d4 Bg7 10. Bc4 h6 11. exf5 Bxf5 12. O-O Qd7 13. Re1+ Kd8 14. d5 Nf6 15.
Be3 a6 16. Bd4 Re8 17. Qf3 Ng4 18. Rxe8+ Kxe8 19. Ne2 Bxd4+ 20. Nxd4 Ne5 21. Qe3
h5 22. Bd3 Bxd3 23. cxd3 Qe7 24. Rc1 c5 25. Ne6 b6 26. d4 cxd4 27. Qh6 Ra7 28.
Qh8+ Kf7 29. Rf1+ 1-0